00518nam a22001695i 4500001000700000003000900007005001700016008004100033040002000074080002100094100003600115245004700151250001500198260006800213300002700281852004000308161686ES-MaACL20251116063110.0041022s1894 phl |||| | spa d aCAM bspa cCAM a821.134.2-14"18"1 aPeñaranda Carlos, d1848-190810aPoesías selectas / cCarlos Peñaranda. a[3ª ed.]. aManila : b[s.n.], c1894 (fTipo-Litografia de Chofré y Cª) a164, [2] p. ; c18 cm. aES-MaACLjG-9721 z-- Enc. cartón